00671nam a2200181Ia 4500008004100000020001800041041000800059082001900067100002200086245005700108260002100165300000800186365001600194700003400210906005300244999001900297952017300316230718s9999 xx 000 0 und d a9780749468620 aeng a658.4'092bPUL aPullan P.9195507 aBusiness Analysis And LeadershipbInfluencing Change c2013bKogan Page a265 cRs.b995.00 aPullan P. & Archer J.9195508 dO:0368424-Jan-2014B:26912-Oct-2013cGENRLb218.9 c334985d334985 00104070aCCEPbCCEPd2014-01-24eVarma Book DistributorsfGENRLg776.10i269l0o658.4'092pCCEP-BK-46192r2023-07-18 00:00:00t218.9v995.00w2013-10-12yBKz046192